00645nam a2200205Ia 4500003000900000008004100009020001300050040001600063080001500079100002600094245009300120260002900213300001000242650004100252650001400293650001900307942000700326999001500333952009100348IN-BaIIA211028s9999 xx 000 0 eng d a136780-8 cIIA Library a524.8bLOV aLovell, Bernard92935 0aIn the centre of immensitiescBernard Lovell  aLondonbHutchinsonc1978 a174p. aAstronomy and astrophysics thesaurus aCosmology aUniverse91987 cBK c6380d6380 00104070aBANbBANcGENd1979-10-30l0o524.8/ LOVp7103r2021-11-05w1979-10-30yBK